000 00450nam a2200181Ia 4500
008 221030s9999 xx 000 0 und d
020 _a007120413X
041 _aEnglish
082 _a105.23
_bSil
100 _aA. Silberschatz
245 0 _aDatabase system concepts
_cby A. Silberschatz, H. F. Korth
250 _a4th
260 _bMacmillan
_aNew Delhi
_c2002
300 _a1064
650 _aBE Computer
700 _aH. F. Korth
942 _cBK
999 _c7866
_d7866